Cultura generale #3 - Statistics

Statistiche generali
  • Questo quiz è stato fatto 89 volte
  • Il punteggio medio è 9 su 20
Statistiche sulle risposte
Domanda Risposta % Corretto
Qual è il cognome italiano più diffuso? Rossi
94%
Che cosa sono le "escargots" tipiche della cucina francese? Lumache
86%
Qual è il cognome delle sorelle tenniste Serena e Venus? Williams
83%
In quale città vengono consegnati i Grammy Awards per la musica? Los Angeles
69%
La bandiera della Somalia ha lo sfondo azzurro con al centro una stella di che colore? Bianco
65%
Quale noto cantante italiano è nato a Cellino San Marco in provincia di Brindisi? Al Bano
57%
Febbraio ne ha 2, ottobre 1 e agosto nessuna. Cos'è? Lettera B
57%
Chi canta "Material Girl"? Madonna
56%
Le Carbostick sono un tipo di quali attrezzi usati per suonare ad esempio la batteria? Bacchette
52%
In quale museo di Madrid sono conservati "La maja desnuda" di Goya e "Las Meninas" di Velazquez? Prado
48%
L'arpa è lo strumento simbolo di quale nazione europea? Irlanda
40%
In quale regione italiana si trova la frazione di Redipuglia? Friuli-Venezia Giulia
39%
Quale mezzo di trasporto a motore viene usato per visitare i canali di Venezia? Vaporetto
39%
Che animale è il casuario? Uccello
30%
Con quale nome è comunemente conosciuto l'attore Pasquale Zagaria? Lino Banfi
23%
In quale località in provincia di Torino si trova una famosa palazzina di caccia sabauda? Stupinigi
21%
Di quale composto chimico è ghiotto il personaggio dei fumetti Eta Beta? Naftalina
18%
Che tipo di codice è il "codice Rocco"? Penale
18%
In geometria, com'è detto il raggio della circonferenza inscritta in un poligono regolare? Apotema
17%
Chi è l'autore dell'opera storiografica "Vite dei Cesari"? Svetonio
9%
Nessun quiz corrispondente trovato
Distribuzione punteggi
Percentuale di utenti per punteggio
Percentile per numero di risposta
I tuoi punteggi nel tempo
Non hai fatto questo quiz